000 00464nam a2200145Ia 4500
008 210324s9999||||xx |||||||||||||| ||und||
040 _cSTCPL
041 _hMAL
082 _a894.812 2
_bNAR-B
245 0 _aBhavabhuthi bhavana
_hഭവഭൂതിഭാവന
260 _aLondon
_bAswathi Grandhasala
_c1960
300 _a119
650 _aGeneralTHE DATA AND THE PRINCIPLES, COVALENCY, VALENCY IN THE LONG PERIODS, CO-ORDINATION, ACIDS AND BASES.
942 _cBK
999 _c12253
_d12253